000 01279nam a2200253Ia 4500
999 _c50093
_d50093
001 17031
003 GE_BSU
005 20200203152833.0
008 181216s2015ge xx |||||||||||||| ||geo||
020 _a9789941079108
040 _cGE_BSU
041 _ageo
080 _a913(479.22)(084.12) ჯ-20
100 _aჯანელიძე,ზურაბ.
_96708
245 _aსაქართველოს შავი ზღვის სანაპირო ზონა :
_bრეტროსპექტრულ-პროგნოზული ანალიზი /
_cზურაბ ჯანელიძე, ; სამეცნიერო რედ. ჭიჭიკო ჯანელიძე.
260 _aთბილისი
264 _aთბილისი,
_c2015.
300 _a136 გვ ;
_bილ;
_c19 სმ.
653 _aგეოგრაფია
653 _aზღვის ნაპირის გეოეკოლოგიური პრობლემები
653 _aსაქართველოს შავი ზღვის სანაპირო ზონა
700 _aჯანელიძე, ჭიჭიკო
_eსამეცნიერო რედაქტორი
_96709
942 _cBK
_2udc